Văn bia Quốc Tử Giám Hà Nội
Lịch sử phát triển của Quốc Tử Giám Hà Nội: Kiến trúc, bảng vàng, sơ đồ vị trí bia, giá trị nghệ thuật cuả các tấm bia nghè, thống kê số liệu bia hiện còn; Văn bia Quốc Tử Giám: Liệt kê 82 tên bia và tên các tiến sĩ của các năm với các bài kí đề tên tiến sĩ khoa niên hiệu (từ bia số 1 năm 1442 đời L...
Na minha lista:
| Autor principal: | |
|---|---|
| Formato: | Livro |
| Idioma: | Vietnamese |
| Publicado em: |
H.
Văn hoá Thông tin
2000
|
| Colecção: | Sách Kỷ niệm 990 năm Thăng Long - Hà Nội
|
| Assuntos: | |
| Tags: |
Adicionar Tag
Sem tags, seja o primeiro a adicionar uma tag!
|
| Thư viện lưu trữ: | Mạng thư viện Đại học Đà Nẵng |
|---|
| LEADER | 01714nam a22004098a 4500 | ||
|---|---|---|---|
| 001 | 000015573 | ||
| 003 | 11956 | ||
| 005 | 20120530100518.0 | ||
| 008 | 120530s2000 b 000 0 od | ||
| 020 | |c 65000đ |d 500b | ||
| 041 | 0 | |a 0010 | |
| 041 | 0 | |a vie | |
| 080 | |a 37(VT1) | ||
| 082 | |a 959.702 |b Văn | ||
| 084 | |a U11(1-2H) |b V115B | ||
| 100 | 1 | |a Đỗ Văn Ninh |e Biên soạn | |
| 245 | 1 | 0 | |a Văn bia Quốc Tử Giám Hà Nội |c Đỗ Văn Ninh b.s |
| 260 | |a H. |b Văn hoá Thông tin |c 2000 | ||
| 300 | |a 651tr |c 21cm | ||
| 490 | |a Sách Kỷ niệm 990 năm Thăng Long - Hà Nội | ||
| 520 | |a Lịch sử phát triển của Quốc Tử Giám Hà Nội: Kiến trúc, bảng vàng, sơ đồ vị trí bia, giá trị nghệ thuật cuả các tấm bia nghè, thống kê số liệu bia hiện còn; Văn bia Quốc Tử Giám: Liệt kê 82 tên bia và tên các tiến sĩ của các năm với các bài kí đề tên tiến sĩ khoa niên hiệu (từ bia số 1 năm 1442 đời Lê Thánh Tông đến bia số 82 năm 1779 niên hiệu Cảnh Hưng năm thứ 40) | ||
| 653 | |a Địa lí | ||
| 653 | |a Hà Nội | ||
| 653 | |a Văn bia | ||
| 653 | |a Lịch sử | ||
| 653 | |a Văn hoá | ||
| 653 | |a Quốc Tử Giám | ||
| OWN | |a LSP | ||
| AVA | |a UDN50 |b LSP |d 959.702 Văn |e available |t Error 5001 Not defined in file expand_doc_bib_avail. |f 1 |g 0 |h N |i 0 |k 1 | ||
| 999 | |a From the UDN01 | ||
| AVA | |a UDN50 |b LSP |d 959.702 Văn |e available |t Error 5001 Not defined in file expand_doc_bib_avail. |f 1 |g 0 |h N |i 0 |k 1 | ||
| TYP | |a Monograph | ||
| TYP | |a Printed language | ||
| 980 | |a Mạng thư viện Đại học Đà Nẵng | ||